[Event "45th FIDE Chess Olympiad Open"]
[Site "Budapest, Hungary"]
[Date "2024.09.11"]
[Round "1.61"]
[White "Sarana, Alexey"]
[Black "Juarez Flores, Carlos A."]
[Result "1-0"]
[WhiteElo "2713"]
[BlackElo "2308"]
[PlyCount "75"]
[EventDate "2024.??.??"]
[WhiteTeam "Serbia"]
[BlackTeam "Guatemala"]
[WhiteTeamCountry "SRB"]
[BlackTeamCountry "GUA"]
[WhiteClock "0:10:19"]
[BlackClock "0:02:26"]

1. d4 d5 2. c4 e6 3. Nf3 Be7 4. g3 Nf6 5. Bg2 O-O 6. Nc3 c5 7. cxd5 exd5 8. O-O Nc6 9. dxc5 Bxc5 10. Bg5 Be6 11. Rc1 Be7 12. Be3 ({RR} 12. Na4 Rc8 13. Nc5 Bxc5 14. Rxc5 Qb6 15. Rc2 Ne4 16. Be3 Qa6 17. a3 Rfd8 18. Qd3 Qxd3 19. exd3 Nd6 20. Rfc1 h6 21. Nd4 Nxd4 22. Bxd4 Rxc2 23. Rxc2 Rc8 24. Rxc8+ Nxc8 25. f4 g6 26. Kf2 Kf8 {Stankovic,M (2442)-Kosic,D (2443) Paracin 2021 ½-½ (50)}) ({RR} 12. h3 Qd7 13. Kh2 Rfd8 14. e3 Ne4 15. Bxe7 Qxe7 16. Nd4 Nf6 17. Nce2 Rac8 18. Qa4 Bd7 19. Qb3 Na5 20. Qd3 Nc4 21. b3 Ne5 22. Qd2 Ne4 23. Qa5 Rxc1 24. Rxc1 Nxf2 25. Nf4 Ne4 26. Nxd5 Qg5 {Bustos Acosta,I (1814)-Rivero Ochoa,A (1756) Medellin COL 2024 1-0 (36)}) 12... Qa5 $146 ({RR} 12... Qd7 13. Nd4 Bh3 14. Nxc6 bxc6 15. Na4 Bxg2 16. Kxg2 Rab8 17. b3 Rfd8 18. Bd4 Ne4 19. Qd3 Rb5 20. f3 Ng5 21. Bc5 Bd6 22. Bxd6 Qxd6 23. Rc2 Rbb8 24. Rfc1 Rbc8 25. Qa6 Re8 26. Qxa7 Qe6 27. Qd4 {Kleeschaetzky,R (2232)-Windelband,J (2176) Guben 2000 0-1 (39)}) ({RR} 12... Ng4 13. Bf4 Rc8 14. h3 Nf6 15. Ng5 h6 16. Nxe6 fxe6 17. e4 d4 18. Na4 e5 19. Bd2 b6 20. b4 Bd6 21. Qb3+ Kh8 22. Nb2 Qd7 23. Nd3 Ne7 24. Rxc8 Rxc8 25. Rc1 Rf8 26. a4 Nh7 27. Qd1 {Podzielny,K (2503)-Jagodzinski,A (2177) Recklinghausen 2000 0-1 (37)}) ({RR} 12... Ng4 13. Bd4 Rc8 14. e3 Nh6 15. Qe2 Nf5 16. Rfd1 Qc7 17. Qd2 Rfd8 18. Nb5 Qb8 19. Bc3 d4 20. Nbxd4 Bxa2 21. Qe2 Nfxd4 22. Nxd4 Nxd4 23. Bxd4 Be6 24. Qh5 b6 25. Be4 h6 26. Qb5 Qd6 27. Qa6 {Garner,D (2193)-Stevens,T (2041) Canberra 2010 1-0 (61)}) 13. Qa4 Rfd8 14. Qxa5 Nxa5 15. Nb5 Bd7 16. Nbd4 Nc4 17. Bf4 Nxb2 18. Rb1 Na4 19. Rxb7 Nc5 20. Rb2 Na4 21. Rb3 Nc5 22. Rbb1 Nfe4 23. Rfc1 f6 24. Nd2 Rac8 25. h4 h6 26. Be3 a6 27. Nxe4 dxe4 28. Rb6 Kf7 29. h5 Bg4 30. Nc6 Rd5 31. Nxe7 Kxe7 32. Rb4 Be6 33. f3 a5 34. Rb6 Bd7 35. fxe4 Nxe4 36. Rxc8 Bxc8 37. Bxe4 Re5 38. Bb7 1-0

[Event "45th FIDE Chess Olympiad Open"]
[Site "Budapest, Hungary"]
[Date "2024.09.11"]
[Round "1.62"]
[White "Giron Chavez, David Emanuel"]
[Black "Indjic, Aleksandar"]
[Result "0-1"]
[WhiteElo "2065"]
[BlackElo "2611"]
[PlyCount "80"]
[EventDate "2024.??.??"]
[WhiteTeam "Guatemala"]
[BlackTeam "Serbia"]
[WhiteTeamCountry "GUA"]
[BlackTeamCountry "SRB"]
[WhiteClock "0:00:52"]
[BlackClock "0:35:41"]

1. d4 Nf6 2. c4 e6 3. Nc3 Bb4 4. e3 O-O 5. Bd3 d5 6. a3 Bxc3+ 7. bxc3 dxc4 8. Bxc4 c5 9. Ne2 Nc6 10. O-O e5 11. a4 Qc7 12. Ba3 Na5 13. Ba2 b6 14. Rc1 $146 ({RR} 14. Qc2 Re8 15. dxc5 bxc5 16. f3 c4 17. Ng3 Be6 18. Rae1 Rad8 19. Bb1 Rd3 20. Qb2 Red8 21. Rf2 R3d7 22. Qc2 g6 23. Bc1 Nb3 24. e4 Nxc1 25. Qxc1 Qb6 26. Nf1 Nh5 27. g3 Qb3 28. Qc2 Rd1 {Boehle,L-Morawietz,D (2310) Germany 1992 ½-½ (53)}) ({RR} 14. c4 exd4 15. exd4 Ng4 16. Ng3 Rd8 17. Qf3 Bd7 18. h3 Nf6 19. d5 Re8 20. Bb2 Qd6 21. Qd3 Qf4 22. Rac1 h6 23. Bb1 Kf8 24. Qc2 Rad8 25. Rfd1 Nb7 26. Rd3 Nd6 27. Rf3 Qxc4 28. Qxc4 Nxc4 {Fraguela Gil,J (2295)-Cuadras Avellana,J (2200) Las Palmas 1983 1-0 (43)}) ({RR} 14. dxc5 bxc5 15. Qc2 Bb7 16. Ng3 Rfd8 17. Rfd1 g6 18. f3 Nd5 19. Nf1 Nb6 20. Rxd8+ Rxd8 21. Qf2 Nxa4 22. Qh4 c4 23. Be7 Re8 24. Bb4 e4 25. f4 Nb2 26. Bb1 Nb3 27. Rxa7 Qb6 28. Ra2 Nd3 {Akvist,H (2290)-Kinnmark,O (2365) Sweden 1996 0-1 (39)}) 14... Rd8 15. Qc2 Ba6 16. Rfd1 Bc4 17. Bxc4 Nxc4 18. Qa2 Nxa3 19. Qxa3 Ne4 20. f3 Nd6 21. Kf2 Qe7 22. Qa2 e4 23. dxc5 Nf5 24. f4 Rd3 25. Nd4 Nxe3 26. Re1 Qh4+ 27. Kg1 bxc5 28. Nb3 Rc8 29. g3 Qh3 30. Qf2 Ng4 31. Qg2 Qxg2+ 32. Kxg2 f5 33. h3 Ne3+ 34. Kf2 Nc4 35. Kg2 Rb8 36. Nxc5 Rb2+ 37. Kh1 Rdd2 38. Rcd1 Rh2+ 39. Kg1 Rbg2+ 40. Kf1 Nd2+ 0-1

[Event "45th FIDE Chess Olympiad Open"]
[Site "Budapest, Hungary"]
[Date "2024.09.11"]
[Round "1.63"]
[White "Markus, Robert"]
[Black "Galvez Dastin, Eduardo"]
[Result "1-0"]
[WhiteElo "2586"]
[BlackElo "2100"]
[PlyCount "117"]
[EventDate "2024.??.??"]
[WhiteTeam "Serbia"]
[BlackTeam "Guatemala"]
[WhiteTeamCountry "SRB"]
[BlackTeamCountry "GUA"]
[WhiteClock "0:03:44"]
[BlackClock "0:01:41"]

1. d4 d5 2. Nf3 Nf6 3. c4 c6 4. Nc3 e6 5. e3 Nbd7 6. Qc2 Bd6 7. Be2 O-O 8. O-O e5 9. cxd5 cxd5 10. dxe5 Nxe5 11. Rd1 Be6 12. Bd2 ({RR} 12. Ng5 Rc8 13. f4 Nc6 14. a3 a6 15. Nxe6 fxe6 16. Bf3 Rf7 17. f5 d4 18. exd4 Nxd4 19. Rxd4 Bc5 20. fxe6 Qxd4+ 21. Be3 Qxe3+ 22. Kh1 Qxe6 23. h3 Bd6 24. Qf2 Qe5 25. Qg1 Re7 26. Rf1 Bxa3 {Nargis,K (1237)-Tasnia Tarannum,O (1618) Dhaka 2022 0-1 (34)}) 12... Rc8 13. Be1 Nxf3+ $146 ({RR} 13... a6 14. Nxe5 Bxe5 15. Qa4 Qc7 16. g3 Rfd8 17. Bf3 Qb6 18. Qb3 Qa7 19. Nxd5 Nxd5 20. Bxd5 Rxd5 21. Rxd5 Bxb2 22. Rad1 Bf6 23. a4 Bxd5 24. Rxd5 Rd8 25. Bc3 Rxd5 26. Qxd5 Qb6 27. Bxf6 gxf6 28. Kg2 {Kalinitschew,S (2450)-Thesing,M (2380) Berlin 1990 ½-½ (33)}) ({RR} 13... a6 14. Rac1 b5 15. a3 Qb6 16. Qb1 Bb8 17. Nd4 Bd7 18. g3 Rfe8 19. Qa2 Qd6 20. Nf3 Ba7 21. Nd4 h5 22. b4 h4 23. a4 bxa4 24. Nf3 hxg3 25. hxg3 Nxf3+ 26. Bxf3 d4 27. exd4 Bxd4 28. Ne2 {Damljanovic,B (2582)-Ivanisevic,I (2645) Plovdiv 2012 0-1 (33)}) ({RR} 13... a6 14. Rac1 Qc7 15. h3 Qe7 16. Qb1 Bb8 17. Nxe5 Bxe5 18. Bf3 Rfd8 19. Nxd5 Bxd5 20. Rxc8 Rxc8 21. Bxd5 Nxd5 22. Rxd5 Qf6 23. b3 g6 24. Bd2 Kg7 25. Qd3 Rc6 26. Rd7 b5 27. e4 Bc7 28. Be3 {Horvath,J (2480)-Lukacs,P (2495) Hungary 1992 1-0 (33)}) 14. Bxf3 Bb8 15. Qe2 Qc7 16. g3 Qe5 17. Nb5 Ne4 18. Nd4 Bh3 19. Rac1 a6 20. Rxc8 Rxc8 21. Bg4 Bxg4 22. Qxg4 Rd8 23. Bc3 Nxc3 24. bxc3 g6 25. Ne2 h5 26. Qb4 Qf5 27. Qe7 Qc8 28. Qg5 Rd6 29. Rxd5 Qc4 30. Rxd6 Bxd6 31. Qd8+ Kg7 32. Qxd6 Qxe2 33. Qd4+ Kg8 34. a3 b5 35. Kg2 Qa2 36. Qc5 Qe6 37. Qd4 Qa2 38. Qb4 Qd5+ 39. e4 Qc6 40. Qd4 Kf8 41. h3 f5 42. f3 fxe4 43. fxe4 Qe6 44. Kf3 Qxh3 45. Qf6+ Ke8 46. Qxg6+ Ke7 47. Kf4 Qf1+ 48. Ke5 Qe1 49. Qg7+ Ke8 50. Kd6 Qd2+ 51. Qd4 Qh6+ 52. Kd5 Qc1 53. Qh8+ Kd7 54. Qg7+ Kd8 55. Kc6 Ke8 56. Qe5+ Kf8 57. Qc5+ Kg7 58. Kb6 Qe1 59. Qe5+ 1-0

[Event "45th FIDE Chess Olympiad Open"]
[Site "Budapest, Hungary"]
[Date "2024.09.11"]
[Round "1.64"]
[White "Aragon Trujillo, Ricardo M."]
[Black "Ivic, Velimir"]
[Result "0-1"]
[WhiteElo "2057"]
[BlackElo "2599"]
[PlyCount "50"]
[EventDate "2024.??.??"]
[WhiteTeam "Guatemala"]
[BlackTeam "Serbia"]
[WhiteTeamCountry "GUA"]
[BlackTeamCountry "SRB"]
[WhiteClock "0:02:11"]
[BlackClock "0:45:22"]

1. e4 c5 2. Nf3 d6 3. c3 Nf6 4. h3 Nc6 5. Bd3 g5 6. Bc2 g4 7. hxg4 Bxg4 8. Qe2 ({RR} 8. d3 Qc7 9. Be3 O-O-O 10. Nbd2 h5 11. Qe2 e6 12. O-O-O d5 13. Kb1 Rg8 14. exd5 exd5 15. Nb3 d4 16. cxd4 cxd4 17. Bd2 Bd6 18. Rc1 Kb8 19. Qf1 Bxf3 20. gxf3 Bf4 21. Rh4 Bxd2 22. Nxd2 Qa5 {Nakamura,H (2768)-Yeletsky,I (2494) chess.com INT 2023 1-0 (42)}) 8... h5 $146 ({RR} 8... Qa5 9. Na3 O-O-O 10. Nc4 Qc7 11. a4 Bg7 12. a5 e6 13. d3 d5 14. Ne3 Bh5 15. exd5 exd5 16. O-O Rhe8 17. Qd2 Bxf3 18. gxf3 Bh6 19. d4 Rg8+ 20. Kh1 Qf4 21. Ng2 Qxf3 22. Qxh6 Qxg2# {0-1 (22) Nikulina,A (1844)-Diaz Herquinio,B (2051) chess.com INT 2024}) 9. d3 Qc7 10. a4 d5 11. Na3 a6 12. Rb1 O-O-O 13. Bd1 c4 14. exd5 cxd3 15. Qxd3 Nxd5 16. Qc4 e6 17. b4 Bg7 18. Bb2 Nb6 19. Qe2 Ne5 20. a5 Nd5 21. O-O Nxf3+ 22. gxf3 Bh3 23. Re1 Rhg8 24. Kh1 Bxc3 25. Rc1 Bg2+ 0-1

[Event "45th FIDE Chess Olympiad Open"]
[Site "Budapest, Hungary"]
[Date "2024.09.11"]
[Round "1.65"]
[White "Pace, Colin"]
[Black "Martirosyan, Haik M."]
[Result "0-1"]
[WhiteElo "2186"]
[BlackElo "2667"]
[PlyCount "46"]
[EventDate "2024.??.??"]
[WhiteTeam "Malta"]
[BlackTeam "Armenia"]
[WhiteTeamCountry "MLT"]
[BlackTeamCountry "ARM"]
[WhiteClock "0:03:25"]
[BlackClock "0:39:45"]

1. e4 e5 2. Nf3 Nc6 3. Bc4 Bc5 4. c3 Nf6 5. d3 a6 6. Bb3 Ba7 7. O-O d6 8. Nbd2 h6 9. Re1 g5 10. d4 g4 11. Nh4 exd4 12. Nc4 Be6 13. e5 $146 ({RR} 13. cxd4 Bxd4 14. Be3 Bxe3 15. Nxe3 Qd7 16. Bxe6 fxe6 17. Nxg4 Nxg4 18. Qxg4 O-O-O 19. Rab1 Ne5 20. Qd1 Rhg8 21. f4 Qe7 22. Nf3 Ng4 23. b4 Qf7 24. h3 Nf6 25. b5 Qg6 26. Qc2 Rg7 27. bxa6 bxa6 {Montejo Bello,L (1778)-Gonzalez Fajardo,C (1624) Santa Clara 2022 1-0 (32)}) 13... d5 14. exf6 Qxf6 15. Na5 Nxa5 16. Bxd5 dxc3 17. Be3 Bxe3 18. Rxe3 cxb2 19. Rb1 O-O-O 20. Bxe6+ fxe6 21. Qe1 Nc4 22. Rxe6 Qxh4 23. Qc3 g3 0-1

[Event "45th FIDE Chess Olympiad Open"]
[Site "Budapest, Hungary"]
[Date "2024.09.11"]
[Round "1.66"]
[White "Sargsyan, Shant"]
[Black "Darmanin, Jake"]
[Result "1-0"]
[WhiteElo "2649"]
[BlackElo "2119"]
[PlyCount "67"]
[EventDate "2024.??.??"]
[WhiteTeam "Armenia"]
[BlackTeam "Malta"]
[WhiteTeamCountry "ARM"]
[BlackTeamCountry "MLT"]
[WhiteClock "1:08:05"]
[BlackClock "0:01:58"]

1. e4 e5 2. Nf3 Nc6 3. Bb5 a6 4. Ba4 Nf6 5. O-O Be7 6. Re1 b5 7. Bb3 d6 8. c3 O-O 9. h3 Na5 10. Bc2 c5 11. d4 Qc7 12. d5 Bd7 13. b3 Nb7 14. Be3 c4 15. b4 a5 16. a4 ({RR} 16. Bd2 a4 17. Nh2 Ne8 18. Nf1 g6 19. Bh6 Ng7 20. Nbd2 Qd8 21. Nf3 Qe8 22. N3h2 f5 23. exf5 gxf5 24. g4 fxg4 25. hxg4 Nd8 26. Qb1 Kh8 27. Bxh7 Qf7 28. f3 Bh4 29. Re2 Qf6 30. Be3 Nf7 {Volokitin,A (2677)-Efimenko,Z (2701) Kiev 2011 ½-½ (66)}) 16... bxa4 17. Na3 axb4 18. cxb4 Rab8 $146 ({RR} 18... c3 19. Bd3 Rab8 20. Qc2 Nxe4 21. Bxe4 f5 22. Bd3 e4 23. Bxe4 fxe4 24. Qxe4 Bf5 25. Qc4 Qd7 26. Nd4 Bf6 27. Nc6 c2 28. Nxb8 Rxb8 29. Ra2 Rc8 30. Qe2 Qe7 31. Qf3 g6 32. Rc1 h5 33. g4 {Gaisinsky,A (1959)-Miyasaka,M (2112) Santiago 2018 ½-½ (35)}) 19. Nd2 Rfc8 20. Ndxc4 Nd8 21. Rb1 Be8 22. Bd3 h6 23. Re2 Nh7 24. Rc2 Qb7 25. b5 f5 26. Na5 Qa8 27. Nc6 Nxc6 28. dxc6 d5 29. exd5 Bxa3 30. Bxf5 Bd6 31. b6 Rd8 32. b7 Qa5 33. Bb6 Qa6 34. Bd3 1-0

[Event "45th FIDE Chess Olympiad Open"]
[Site "Budapest, Hungary"]
[Date "2024.09.11"]
[Round "1.67"]
[White "Novak, Attila Robert"]
[Black "Hovhannisyan, Robert"]
[Result "0-1"]
[WhiteElo "2135"]
[BlackElo "2619"]
[PlyCount "83"]
[EventDate "2024.??.??"]
[WhiteTeam "Malta"]
[BlackTeam "Armenia"]
[WhiteTeamCountry "MLT"]
[BlackTeamCountry "ARM"]
[WhiteClock "0:03:43"]
[BlackClock "0:17:36"]

1. d4 Nf6 2. Nf3 d5 3. g3 Bf5 4. c4 e6 5. Nc3 h6 6. cxd5 exd5 7. Qb3 Nc6 8. Bf4 Na5 9. Qa4+ $146 ({RR} 9. Qd1 Nc4 10. Ne5 Nd6 11. Bg2 c6 12. O-O g5 13. Be3 Bg7 14. f3 O-O 15. Bf2 Re8 16. Re1 Bh7 17. e4 a6 18. Qb3 Nb5 19. a4 Nxc3 20. bxc3 Re7 21. exd5 cxd5 22. c4 dxc4 23. Nxc4 Nd5 {Jirka,J (2429)-Balacek,T (2307) Czech Republic 2016 1-0}) 9... c6 10. Bg2 Nc4 11. Qb3 Qb6 12. O-O g5 13. Be5 Nxe5 14. dxe5 Nd7 15. Qxb6 axb6 16. Nd4 Bg6 17. e6 Nf6 18. e4 dxe4 19. Rfe1 Bc5 20. exf7+ Kxf7 21. Nb3 Bb4 22. Nd2 Rhe8 23. Bxe4 Nxe4 24. Ndxe4 Rxe4 25. Nxe4 Bxe1 26. Rxe1 Rxa2 27. Nd6+ Kf6 28. Re2 Bh5 29. f3 Bxf3 30. Rd2 Bd5 31. Ne8+ Ke5 32. Kf2 Ra8 33. Nc7 Rf8+ 34. Ke3 Rd8 35. Nxd5 Rxd5 36. Re2 Kd6 37. Rf2 Ke6 38. Rf8 h5 39. Rh8 g4 40. Kf4 Rf5+ 41. Ke4 Rb5 42. Rh6+ 0-1

[Event "45th FIDE Chess Olympiad Open"]
[Site "Budapest, Hungary"]
[Date "2024.09.11"]
[Round "1.68"]
[White "Grigoryan, Karen H."]
[Black "Mizzi, Jack"]
[Result "1-0"]
[WhiteElo "2569"]
[BlackElo "2053"]
[PlyCount "71"]
[EventDate "2024.??.??"]
[WhiteTeam "Armenia"]
[BlackTeam "Malta"]
[WhiteTeamCountry "ARM"]
[BlackTeamCountry "MLT"]
[WhiteClock "0:47:32"]
[BlackClock "0:01:01"]

1. c4 e5 2. d3 d6 3. Nc3 f5 4. g3 Nf6 5. Bg2 c6 6. Nf3 Be7 7. O-O O-O 8. c5 Na6 ({RR} 8... Kh8 9. cxd6 Bxd6 10. Rb1 a5 11. a3 Na6 12. e4 fxe4 13. dxe4 Be6 14. Be3 Qe7 15. Qe2 Ng4 16. Bg5 Qf7 17. h3 Bc4 18. Qd2 Bxf1 19. Rxf1 h6 20. hxg4 hxg5 21. Qxd6 Rae8 22. Nxe5 Qf6 23. Qxf6 {Supi,L (2612)-Jobava,B (2578) chess24.com INT 2022 1-0 (32)}) ({RR} 8... e4 9. cxd6 Bxd6 10. dxe4 fxe4 11. Ng5 Qe7 12. Ngxe4 Nxe4 13. Nxe4 Bc7 14. Bd2 Be6 15. Ng5 Bb6 16. Nxe6 Qxe6 17. Qb3 Qxb3 18. axb3 Nd7 19. Bc3 Nf6 20. Bf3 g5 21. h3 Kg7 22. Rad1 Rad8 23. e3 {Becker,R (2053)-Rowe,P (1960) Krakow POL 2024 1-0 (49)}) 9. cxd6 Bxd6 10. a3 Nc7 11. e4 $146 ({RR} 11. b4 Kh8 12. Bb2 Qe7 13. e3 Ncd5 14. Qc2 Bd7 15. Rfe1 a5 16. Nxd5 cxd5 17. Bc3 Rfc8 18. Qb2 e4 19. dxe4 dxe4 20. Nd4 Nd5 21. Rec1 axb4 22. Bxb4 Bxb4 23. axb4 Qxb4 24. Rxc8+ Rxc8 25. Qxb4 Nxb4 {Desanjose Candalija,E (2159)-Palacios Perez,M (2231) Vigo 2003 ½-½ (32)}) ({RR} 11. Qc2 Qe8 12. b4 Qh5 13. Bb2 Ne6 14. Na4 f4 15. Nc5 fxg3 16. hxg3 Ng4 17. Rfc1 Ng5 18. Ne4 Nxe4 19. dxe4 Bc7 20. Bc3 Bb6 21. Be1 Be6 22. Rd1 Rf6 23. Rd6 Raf8 24. Rad1 h6 25. R6d3 Kh8 {Johannsson,I-Barcza,G Munich 1958 0-1 (40)}) ({RR} 11. b4 Kh8 12. Rb1 Qe7 13. e4 a5 14. Bd2 axb4 15. axb4 fxe4 16. dxe4 Bg4 17. Qb3 Ne6 18. Nh4 Nd4 19. Qb2 Nd7 20. Rfe1 Nb6 21. h3 Nc4 22. Qc1 Nxd2 23. Qxd2 Bxh3 24. Ne2 Nxe2+ 25. Rxe2 Bg4 {Gonzalez,J (2350)-Yepes Martinez,E (2280) Montcada 1997 0-1 (36)}) 11... fxe4 12. dxe4 Ne6 13. h3 Qe7 14. b4 a5 15. b5 Nc5 16. Be3 Be6 17. bxc6 Bb3 18. Qb1 a4 19. cxb7 Nxb7 20. Nd5 Nxd5 21. exd5 g6 22. Nd2 Na5 23. Ne4 Nc4 24. Bg5 Qb7 25. Rc1 Qa7 26. Qd3 Rac8 27. Rc3 Be7 28. Bxe7 Qxe7 29. Rac1 Nb2 30. d6 Qa7 31. Qb5 Rxc3 32. Rxc3 Qd4 33. Rc7 Be6 34. Qb7 Rf7 35. Rxf7 Bxf7 36. d7 1-0

[Event "45th FIDE Chess Olympiad Open"]
[Site "Budapest, Hungary"]
[Date "2024.09.11"]
[Round "1.69"]
[White "Deac, Bogdan-Daniel"]
[Black "Ortega Amarelle, Mariano"]
[Result "1-0"]
[WhiteElo "2680"]
[BlackElo "2453"]
[PlyCount "95"]
[EventDate "2024.??.??"]
[WhiteTeam "Romania"]
[BlackTeam "Cape Verde"]
[WhiteTeamCountry "ROU"]
[WhiteClock "0:26:16"]
[BlackClock "0:22:30"]

1. Nf3 d5 2. g3 Nf6 3. Bg2 e6 4. O-O Be7 5. c4 O-O 6. d3 c5 7. Ne5 b6 ({RR} 7... Nbd7 8. Nxd7 Bxd7 9. e4 dxe4 10. dxe4 Bc6 11. Qe2 Nd7 12. f4 a6 13. a4 Qc7 14. Nc3 Bf6 15. e5 Bxg2 16. Kxg2 Be7 17. Bd2 Rae8 18. Ne4 Qc6 19. Qf3 f5 20. exf6 gxf6 21. Bc3 f5 22. Rfd1 {Caruana,F (2793)-Giri,A (2746) Saint Louis USA 2024 1-0 (47)}) 8. e4 ({RR} 8. Nc3 Bb7 9. f4 Nc6 10. e3 Rc8 11. Qe2 Qd6 12. Nxc6 Bxc6 13. e4 dxe4 14. dxe4 Qc7 15. e5 Bxg2 16. Kxg2 Nd7 17. Be3 Nb8 18. Rad1 Nc6 19. Rd2 Rcd8 20. Rfd1 Rxd2 21. Rxd2 Rd8 22. b3 Rxd2 {Deac,B (2700)-Xu,Y (2510) chess.com INT 2022 1-0 (53)}) 8... dxe4 9. dxe4 Bb7 10. Nc3 $146 ({RR} 10. Qe2 Qc7 11. f4 Nfd7 12. Nf3 Nc6 13. Be3 Rad8 14. Nc3 Rfe8 15. Qf2 Na5 16. b3 Nf6 17. Ne5 Nc6 18. Nxc6 Bxc6 19. Qe2 Qb7 20. Bf2 Rd7 21. Rad1 Red8 22. Rxd7 Rxd7 23. g4 Qa8 24. g5 Ne8 {Van Foreest,J (2671)-Gutierrez,R (2198) Waterloo, QC CAN 2024 1-0 (42)}) 10... Nfd7 11. Nxd7 Nxd7 12. f4 Bf6 13. e5 Bxg2 14. Kxg2 Be7 15. Qe2 Qc7 16. Qe4 a6 17. Be3 Rae8 18. Rad1 f5 19. Nd5 Qc8 20. Nxe7+ Rxe7 21. Qf3 Qa8 22. Rd6 Qxf3+ 23. Kxf3 Rc8 24. Rfd1 Rc7 25. g4 fxg4+ 26. Kxg4 Rb7 27. Rc6 Re8 28. Rdd6 Kf7 29. b3 a5 30. Bf2 h6 31. h4 g6 32. h5 g5 33. Bg3 gxf4 34. Bxf4 a4 35. bxa4 Ra7 36. Rd3 Rb8 37. Kf3 Rbb7 38. Rcd6 Ke7 39. Bg3 Nb8 40. Ra3 b5 41. cxb5 Rxb5 42. Bh4+ Kf7 43. Kg3 Rb4 44. Rf3+ Kg7 45. Rxe6 Rbxa4 46. Bf6+ Kf7 47. Rd6 Re4 48. e6+ 1-0

[Event "45th FIDE Chess Olympiad Open"]
[Site "Budapest, Hungary"]
[Date "2024.09.11"]
[Round "1.70"]
[White "Alho, Diogo"]
[Black "Shevchenko, Kirill"]
[Result "0-1"]
[WhiteElo "2192"]
[BlackElo "2673"]
[PlyCount "74"]
[EventDate "2024.??.??"]
[WhiteTeam "Cape Verde"]
[BlackTeam "Romania"]
[BlackTeamCountry "ROU"]
[WhiteClock "0:02:20"]
[BlackClock "0:04:20"]

1. d4 Nf6 2. Nf3 g6 3. g3 Bg7 4. Bg2 O-O 5. O-O d6 6. a4 Na6 7. Nc3 c5 8. e4 cxd4 9. Nxd4 Bd7 ({RR} 9... Nc5 10. h3 a6 11. Be3 Rb8 12. Re1 e5 13. Nde2 Qc7 14. a5 Be6 15. f4 Rfe8 16. b3 Rbc8 17. Rc1 h5 18. b4 Ncd7 19. Nd5 Bxd5 20. exd5 Qc4 21. Qd2 exf4 22. Nxf4 Ne4 23. Bxe4 Rxe4 24. c3 {Cina',V (2233)-Felgaer,R (2563) chess.com INT 2024 0-1 (47)}) 10. h3 Nb4 11. Be3 Rc8 $146 ({RR} 11... a6 12. Nd5 Nfxd5 13. exd5 a5 14. Re1 Re8 15. Kh2 Qc8 16. c3 Na6 17. Nb3 Qc7 18. Bd4 Bxd4 19. Nxd4 Qb6 20. b3 Rac8 21. c4 Nc5 22. Re3 e5 23. dxe6 fxe6 24. Qd2 Rcd8 25. Nb5 Bxb5 26. axb5 {Barglowski,F (2337)-Bulski,K (2409) Grodzisk Mazowiecki 2006 ½-½ (57)}) 12. Qd2 a6 13. Rfe1 e5 14. Nde2 Be6 15. Red1 Qa5 16. Rac1 Rfd8 17. Nd5 Nfxd5 18. exd5 Bf5 19. c3 Nd3 20. Ra1 e4 21. g4 Bd7 22. Bxe4 Ne5 23. b3 f5 24. gxf5 Bxf5 25. Bg2 Bxh3 26. Rac1 Re8 27. c4 Qd8 28. Bf4 Qh4 29. Bg3 Qg4 30. Nd4 Rf8 31. Qe2 Qxe2 32. Nxe2 Bg4 33. Kf1 Rce8 34. Rc2 Bh6 35. Ra1 Nf3 36. Rd1 Be3 37. Bxd6 Nd2+ 0-1

[Event "45th FIDE Chess Olympiad Open"]
[Site "Budapest, Hungary"]
[Date "2024.09.11"]
[Round "1.71"]
[White "Lupulescu, Constantin"]
[Black "Mirulla, David"]
[Result "1-0"]
[WhiteElo "2590"]
[BlackElo "1904"]
[PlyCount "47"]
[EventDate "2024.??.??"]
[WhiteTeam "Romania"]
[BlackTeam "Cape Verde"]
[WhiteTeamCountry "ROU"]
[WhiteClock "0:34:07"]
[BlackClock "0:01:50"]

1. d4 Nf6 2. c4 g6 3. Nc3 Bg7 4. e4 d6 5. Be2 O-O 6. Be3 Nc6 7. d5 Ne5 8. f4 Neg4 9. Bd2 h5 10. h3 Nh6 11. Nf3 e6 ({RR} 11... c6 12. Qc1 b5 13. f5 b4 14. Nd1 Kh7 15. Ng5+ Kg8 16. fxg6 fxg6 17. Bxb4 Nf7 18. Nxf7 Rxf7 19. Bf3 cxd5 20. exd5 Bf5 21. Nf2 Qb6 22. Bc3 Raf8 23. Qd2 Nd7 24. Bxg7 Kxg7 25. b3 Ne5 26. Qc3 {OKHIPO,B (2066)-Balogun,O (2269) Lagos City NGR 2024 ½-½ (61)}) 12. O-O Qe7 $146 ({RR} 12... exd5 13. cxd5 Re8 14. Bd3 c6 15. dxc6 bxc6 16. Qc2 Rb8 17. Kh1 h4 18. Be1 Nh5 19. Bxh4 Qb6 20. Rab1 Nxf4 21. Bc4 Be6 22. Bxe6 Nxe6 23. Bf2 Qa5 24. Rbd1 Qb4 25. Rd2 Nc5 26. Rxd6 Nxe4 27. Nxe4 {Assaubayeva,B (2389)-Najdin,D (2285) Chess.com INT 2021 0-1 (62)}) 13. Qc2 Re8 14. Rae1 Nd7 15. Qc1 f5 16. dxe6 Nb6 17. Nd5 Qd8 18. e7 Qd7 19. e5 Nxd5 20. cxd5 dxe5 21. fxe5 Kh7 22. Ng5+ Kh8 23. Ne6 Nf7 24. Nxg7 1-0

[Event "45th FIDE Chess Olympiad Open"]
[Site "Budapest, Hungary"]
[Date "2024.09.11"]
[Round "1.72"]
[White "Vaz, Jose Carlos"]
[Black "Parligras, Mircea-Emilian"]
[Result "0-1"]
[WhiteElo "1909"]
[BlackElo "2537"]
[PlyCount "102"]
[EventDate "2024.??.??"]
[WhiteTeam "Cape Verde"]
[BlackTeam "Romania"]
[BlackTeamCountry "ROU"]
[WhiteClock "0:02:33"]
[BlackClock "0:17:45"]

1. e4 c5 2. Nf3 d6 3. Bb5+ Nd7 4. d4 cxd4 5. Nxd4 Ngf6 6. Nc3 a6 7. Bxd7+ Bxd7 8. O-O e6 ({RR} 8... g6 9. Be3 Bg7 10. Qd2 O-O 11. Bh6 b5 12. Bxg7 Kxg7 13. a3 Rc8 14. Rad1 Qa5 15. Rfe1 b4 16. axb4 Qxb4 17. Nb3 Be6 18. Nd5 Qxd2 19. Rxd2 Rfe8 20. Nxf6 Kxf6 21. f4 Rc4 22. g3 Rec8 23. Ree2 {Vasquez Ramirez,J (1563)-Arango,S (1974) Medellin COL 2024 1-0 (43)}) 9. Kh1 $146 ({RR} 9. Bg5 h6 10. Bh4 Be7 11. Qd3 b5 12. a3 O-O 13. f4 Qc7 14. Rad1 Rad8 15. Kh1 Bc8 16. f5 Qc5 17. Qh3 Rfe8 18. e5 dxe5 19. Bxf6 exd4 20. Ne4 Qxc2 21. Qg3 Bxf6 22. Nxf6+ Kh8 23. Nxe8 Rxe8 {Alexakis,D (2024)-Niezhentsev,K (1992) Arandjelovac SRB 2023 0-1 (41)}) ({RR} 9. Bg5 Be7 10. Kh1 O-O 11. f4 b5 12. Qd3 Qc7 13. Rae1 Bc8 14. e5 dxe5 15. fxe5 Ne8 16. Bxe7 Qxe7 17. Ne4 Bb7 18. Ng3 Nc7 19. Nh5 Qg5 20. Ng3 Rfd8 21. c3 Rd7 22. Qe2 Rad8 23. Nf3 Qe7 {Diukareva,E-Romashova,A Lvov 1999 0-1 (31)}) ({RR} 9. Bg5 Be7 10. Nf3 Bc6 11. e5 Nd5 12. Bxe7 Kxe7 13. Nxd5+ Bxd5 14. Qe2 dxe5 15. Nxe5 f6 16. Nf3 Qc7 17. b3 Qc3 18. Rfe1 Kf7 19. Rad1 Rhe8 20. Rd3 Qc7 21. c4 Bc6 22. Nd4 e5 23. Nxc6 bxc6 {Regorda,M (1920)-Aghayev,M (2106) Bergamo 2009 1-0}) 9... b5 10. a3 Be7 11. Bg5 O-O 12. f4 h6 13. Bh4 Nxe4 14. Bxe7 Nxc3 15. Bxd8 Nxd1 16. Raxd1 Rfxd8 17. Rd2 Kf8 18. Re1 Rac8 19. Kg1 Bc6 20. Kf2 Bb7 21. g4 g5 22. fxg5 hxg5 23. Kg3 Rd7 24. Rf2 Kg7 25. c3 Rc5 26. Re3 Re5 27. Rfe2 Kf6 28. Rf2+ Ke7 29. Rfe2 f6 30. h3 Rc7 31. h4 gxh4+ 32. Kxh4 Rc8 33. Rh3 Rh8+ 34. Kg3 Rxh3+ 35. Kxh3 Rxe2 36. Nxe2 Be4 37. Kg3 e5 38. Kf2 Bc2 39. Ng3 Kf7 40. Nf1 Ke6 41. Ne3 Be4 42. Ke2 d5 43. Kf2 d4 44. cxd4 exd4 45. Nf1 Ke5 46. Kg3 a5 47. Nd2 Bd5 48. b3 b4 49. axb4 axb4 50. Kf2 Kf4 51. Ke2 Be4 0-1